[Event "20. Dolomitenbank Open-A 2019"]
[Site "Lienz"]
[Date "2019.02.16"]
[Round "9.5"]
[White "Zhang, Ziji"]
[Black "Studer, Noel"]
[Result "0-1"]
[WhiteElo "2406"]
[BlackElo "2494"]
[Annotator "ChessBase"]
[PlyCount "148"]
[EventDate "2019.02.09"]
[EventType "swiss"]
[EventCountry "AUT"]
[SourceTitle "playchess.com"]
[Source "ChessBase"]
[SourceQuality "1"]
[TimeControl "40/5400+30:1800+30"]

1. d4 {[%emt 0:00:00]} d5 {[%emt 0:00:00]} 2. c4 {[%emt 0:00:00]} dxc4 {[%emt 0:00:00]} 3. Nf3 {[%emt 0:00:30]} e6 {[%emt 0:00:00]} 4. e3 {[%emt 0:00:40]} Nf6 {[%emt 0:00:00]} 5. Bxc4 {[%emt 0:00:08]} a6 {[%emt 0:00:00]} 6. O-O {[%emt 0:00:19]} c5 {[%emt 0:00:00]} 7. b3 {[%emt 0:02:08]} b5 {[%emt 0:01:19]} 8. Be2 {[%emt 0:00:24]} Bb7 {[%emt 0:00:04]} 9. Bb2 {[%emt 0:01:37]} Nbd7 {[%emt 0:00:13]} 10. a4 {[%emt 0:01:34]} b4 {[%emt 0:00:27]} 11. Nbd2 {[%emt 0:00:42]} Be7 {[%emt 0:00:05]} 12. Rc1 {[%emt 0:03:15]} Rc8 {[%emt 0:02:00]} 13. Nc4 {[%emt 0:01:26]} O-O {[%emt 0:00:14]} 14. Nfe5 {[%emt 0:07:19]} cxd4 {[%emt 0:00:16]} 15. Nxd7 {[%emt 0:05:40]} Nxd7 {[%emt 0:00:07]} 16. Bxd4 {[%emt 0:00:06]} Bd5 {[%emt 0:25:35]} 17. a5 {[%emt 0:14:40]} Bc5 {[%emt 0:08:01]} 18. Nb6 {[%emt 0:13:52]} Bxb6 {[%emt 0:02:24]} 19. Rxc8 {[%emt 0:05:50]} Qxc8 {[%emt 0:00:01]} 20. axb6 {[%emt 0:00:05]} Qb7 {[%emt 0:02:06]} 21. f3 {[%emt 0:00:35]} e5 {[%emt 0:10:07]} 22. Bb2 {[%emt 0:00:07]} Bc6 {[%emt 0:10:14]} 23. Qd6 {[%emt 0:02:18]} Qxb6 {[%emt 0:05:13]} 24. Rc1 {[%emt 0:00:23]} Qxe3+ {[%emt 0:09:48]} 25. Kf1 {[%emt 0:00:04]} Nb8 {[%emt 0:00:17]} 26. Rxc6 {[%emt 0:04:14]} Nxc6 {[%emt 0:00:04]} 27. Qxc6 {[%emt 0:00:04]} Qxb3 {[%emt 0:00:47]} 28. Bxe5 {[%emt 0:00:04]} a5 {[%emt 0:02:00]} 29. Qb5 {[%emt 0:09:50]} Qe3 {[%emt 0:04:38]} 30. Qxa5 {[%emt 0:05:09]} Re8 {[%emt 0:10:35]} 31. f4 {[%emt 0:00:05]} Rc8 {[%emt 0:01:20]} 32. Bd1 {[%emt 0:10:41]} Qd3+ {[%emt 0:02:04]} 33. Be2 {[%emt 0:00:13]} Qe3 {[%emt 0:00:04]} 34. Bd1 {[%emt 0:00:03]} Qd2 {[%emt 0:04:34]} 35. Qa1 {[%emt 0:00:26]} f6 {[%emt 0:00:31]} 36. Qd4 {[%emt 0:00:10]} Qc1 {[%emt 0:01:53]} 37. Bd6 {[%emt 0:03:45]} Rd8 {[%emt 0:00:23]} 38. Qd5+ {[%emt 0:01:13]} Kh8 {[%emt 0:00:01]} 39. Kf2 {[%emt 0:01:57]} Qc8 {[%emt 0:00:34]} 40. Qd4 {[%emt 0:02:06]} Qe6 {[%emt 0:01:20]} 41. Qxb4 {[%emt 0:30:58]} Qxd6 {[%emt 0:30:32]} 42. Qxd6 {[%emt 0:00:03]} Rxd6 {[%emt 0:00:04]} 43. Bf3 {[%emt 0:00:06]} Kg8 {[%emt 0:00:43]} 44. h4 {[%emt 0:01:59]} Kf7 {[%emt 0:00:00]} 45. Bh5+ {[%emt 0:00:00]} Ke7 {[%emt 0:00:00]} 46. g3 {[%emt 0:00:00]} Rd3 {[%emt 0:00:00]} 47. Bg4 {[%emt 0:00:00]} Ra3 {[%emt 0:00:00]} 48. Bf5 {[%emt 0:00:00]} h6 {[%emt 0:00:00]} 49. Kg2 {[%emt 0:00:00]} Kd6 {[%emt 0:00:00]} 50. Be4 {[%emt 0:00:00]} Kc5 {[%emt 0:00:00]} 51. Kf2 {[%emt 0:00:00]} Kd4 {[%emt 0:00:00]} 52. Bb7 {[%emt 0:00:00]} Rc3 {[%emt 0:00:00]} 53. Ba8 {[%emt 0:00:00]} Kd3 {[%emt 0:00:00]} 54. Bb7 {[%emt 0:00:00]} Kd2 {[%emt 0:00:00]} 55. Bd5 {[%emt 0:00:00]} Rc2 {[%emt 0:00:00]} 56. Be4 {[%emt 0:00:00]} Rb2 {[%emt 0:00:00]} 57. Bc6 {[%emt 0:00:00]} Kd1+ {[%emt 0:00:00]} 58. Kf1 {[%emt 0:00:00]} Rd2 {[%emt 0:00:00]} 59. Be4 {[%emt 0:00:00]} Kc1 {[%emt 0:00:22]} 60. Ke1 {[%emt 0:00:00]} Rh2 {[%emt 0:00:39]} 61. Bf3 {[%emt 0:00:00]} Kc2 {[%emt 0:00:12]} 62. Kf1 {[%emt 0:00:00]} Kd3 {[%emt 0:03:21]} 63. Kg1 {[%emt 0:00:00]} Rb2 {[%emt 0:00:08]} 64. Kf1 {[%emt 0:00:00]} Kd4 {[%emt 0:01:16]} 65. Kg1 {[%emt 0:00:00]} Ke3 {[%emt 0:01:27]} 66. Bc6 {[%emt 0:00:00]} Rc2 {[%emt 0:00:04]} 67. Bb7 {[%emt 0:00:00]} Rc7 {[%emt 0:00:50]} 68. Ba8 {[%emt 0:00:00]} Rc5 {[%emt 0:00:09]} 69. Kg2 {[%emt 0:00:00]} g5 {[%emt 0:00:27]} 70. fxg5 {[%emt 0:00:07]} hxg5 {[%emt 0:00:04]} 71. Kh3 {[%emt 0:00:03]} Kf2 {[%emt 0:01:31]} 72. Kg4 {[%emt 0:00:10]} Rc3 {[%emt 0:03:33]} 73. Kf5 {[%emt 0:00:16]} Rxg3 {[%emt 0:00:03]} 74. h5 {[%emt 0:00:05]} Rh3 {[%emt 0:00:04]} 0-1

[Event "20. Dolomitenbank Open-A 2019"]
[Site "Lienz"]
[Date "2019.02.16"]
[Round "9.6"]
[White "Low, Zhen Yu Cyrus"]
[Black "Schreiner, Peter"]
[Result "1/2-1/2"]
[WhiteElo "2377"]
[BlackElo "2476"]
[Annotator "ChessBase"]
[PlyCount "26"]
[EventDate "2019.02.09"]
[EventType "swiss"]
[EventCountry "AUT"]
[SourceTitle "playchess.com"]
[Source "ChessBase"]
[SourceQuality "1"]
[TimeControl "40/5400+30:1800+30"]

1. e4 {[%emt 0:00:00]} e5 {[%emt 0:00:31]} 2. Nf3 {[%emt 0:00:00]} Nc6 {[%emt 0:00:06]} 3. Bc4 {[%emt 0:00:00]} Bc5 {[%emt 0:00:08]} 4. b4 {[%emt 0:00:12]} Bb6 {[%emt 0:07:58]} 5. Nc3 {[%emt 0:00:14]} d6 {[%emt 0:04:55]} 6. Nd5 {[%emt 0:04:08]} Nf6 {[%emt 0:02:47]} 7. O-O {[%emt 0:01:00]} Bg4 {[%emt 0:17:07]} 8. c3 {[%emt 0:08:52]} Nxd5 {[%emt 0:01:44]} 9. Bxd5 {[%emt 0:12:38]} Qf6 {[%emt 0:04:23]} 10. d3 {[%emt 0:03:10]} Nd8 {[%emt 0:10:02]} 11. Bg5 {[%emt 0:07:05]} Qxg5 {[%emt 0:11:26]} 12. Nxg5 {[%emt 0:01:49]} Bxd1 {[%emt 0:00:06]} 13. Rfxd1 {[%emt 0:00:14]} c6 {[%emt 0:02:41]} 1/2-1/2

[Event "20. Dolomitenbank Open-A 2019"]
[Site "Lienz"]
[Date "2019.02.16"]
[Round "9.7"]
[White "Sadhwani, Raunak"]
[Black "Liu, Zhaoqi"]
[Result "1/2-1/2"]
[WhiteElo "2448"]
[BlackElo "2323"]
[Annotator "TA"]
[PlyCount "66"]
[EventDate "2019.02.09"]
[EventType "swiss"]
[EventCountry "AUT"]
[SourceTitle "playchess.com"]
[Source "ChessBase"]
[SourceQuality "1"]

{[%evp 15,66,20,30,19,17,-23,-16,-22,-20,-32,35,-21,19,-10,-21,-26,-21,-34,0,0,0,-27,38,27,25,0,0,0,35,32,23,17,33,15,22,0,22,10,4,-46,-45,-40,-37,-137,-93,-97,17,47,2002,1531,1441,0,0]} 1. e4 e6 2. d4 d5 3. Nc3 Bb4 4. e5 c5 5. a3 Ba5 6. b4 cxd4 7. Nb5 Bc7 8. f4 Bd7 9. Nxd4 {C18: French: 3 Nc3 Bb4: Main line: 7 h4 and 7 Qg4} (9. Nxc7+ Qxc7 10. Nf3 Ba4 11. Bd3 Ne7 12. O-O Qb6 13. Kh1 Bb5 14. Nxd4 Bxd3 15. Qxd3 Nbc6 16. Nf3 a6 17. Be3 Qb5 {½-½ (40) Vidit,S (2715)-Vitiugov,N (2730) Linares 2018}) 9... Nc6 10. Ngf3 (10. c3 {is interesting.} Nh6 11. Ngf3 O-O 12. Bd3 f6 13. Qe2) 10... Nxd4 11. Nxd4 Nh6 $146 ({Predecessor:} 11... Ne7 12. Qg4 Bb6 13. Bb2 Bxd4 14. Bxd4 Nf5 15. Bc5 b6 16. Bf2 Qc7 17. Bd3 Qc3+ 18. Ke2 f6 19. exf6 Qxf6 {½-½ (19) Landers Rodriguez,J (2241)-Parkes Navea,R (1869) ICCF email 2006}) 12. g3 Nf5 (12... O-O $15) 13. c3 ({Better is} 13. Nxf5 $14 exf5 14. Bg2) 13... a5 14. b5 Bb6 15. a4 Qc7 16. Qd2 Rc8 17. Bb2 Bc5 {[#] Threatens to win with ...Nxd4.} 18. Nc2 h5 (18... O-O $11) 19. O-O-O $14 Qb6 20. Re1 Rc7 21. Kb1 Kd8 22. c4 Kc8 23. Bd3 dxc4 24. Bxc4 Kb8 25. Re4 Rhc8 26. Qe2 Be8 27. Qxh5 Nxg3 28. hxg3 {[#] Strongly threatening Qf3.} f5 29. Qh3 (29. exf6 $1 $15 Bxh5 30. Rxe6) 29... fxe4 $17 30. Qxe6 Bf7 ({Black should try} 30... e3 $17 {Hoping for ...e2!} 31. Bb3 Bg6) 31. Qxb6 $11 Bg6 $2 {[%mdl 8192]} (31... Bxb6 $14 32. Bxf7 Rxf7) 32. Qe6 Bf7 33. Qb6 $2 (33. Qxf7 $18 Rxf7 34. Bxf7) 33... Bxb6 {Accuracy: White = 37%, Black = 47%.} 1/2-1/2

[Event "20. Dolomitenbank Open-A 2019"]
[Site "Lienz"]
[Date "2019.02.16"]
[Round "9.8"]
[White "Hacker, Jonas"]
[Black "Goh, Wei Ming Kevin"]
[Result "0-1"]
[WhiteElo "2369"]
[BlackElo "2477"]
[Annotator "RC"]
[PlyCount "138"]
[EventDate "2019.02.09"]
[EventType "swiss"]
[EventCountry "AUT"]
[SourceTitle "playchess.com"]
[Source "ChessBase"]
[SourceQuality "1"]
[TimeControl "40/5400+30:1800+30"]

1. e4 {[%emt 0:00:00]} e6 {[%emt 0:06:04]} 2. d4 {[%emt 0:00:00]} d5 {[%emt 0:00:03]} 3. Nc3 {[%emt 0:00:00]} Bb4 {[%emt 0:00:04]} 4. e5 {[%emt 0:00:00]} c5 {[%emt 0:00:03]} 5. a3 {[%emt 0:00:00]} Bxc3+ {[%emt 0:00:04]} 6. bxc3 {[%emt 0:00:03]} Ne7 {[%emt 0:00:03]} 7. Qg4 {[%emt 0:00:08]} Kf8 {[%emt 0:00:04]} 8. Nf3 {[%emt 0:09:54]} Qa5 {[%emt 0:01:32]} 9. Bd2 {[%emt 0:02:18]} Qa4 {[%emt 0:01:50]} 10. Bd3 {[%emt 0:06:07]} c4 {[%emt 0:02:33]} 11. Be2 {[%emt 0:00:13]} Qxc2 {[%emt 0:02:33]} 12. O-O {[%emt 0:06:38]} Nbc6 {[%emt 0:01:31]} 13. Rac1 {[%emt 0:05:46]} Qa4 {[%emt 0:10:05]} 14. Qh5 {[%emt 0:11:27]} h6 {[%emt 0:06:08]} 15. Bd1 {[%emt 0:07:13]} Qxa3 {[%emt 0:03:02]} 16. Bc2 {[%emt 0:00:42]} Qa5 {[%emt 0:15:43]} 17. Ng5 {[%emt 0:03:28]} g6 {[%emt 0:03:41]} 18. Qh4 {[%emt 0:05:17]} Qd8 {[%emt 0:09:36]} 19. Nh3 {[%emt 0:04:10]} Nf5 {[%emt 0:03:40]} 20. Qg4 {[%emt 0:02:19]} b5 {[%emt 0:04:54]} 21. Qf3 {[%emt 0:01:59]} a5 {[%emt 0:03:05]} 22. Nf4 {[%emt 0:02:59]} Ke7 {[%emt 0:03:41]} 23. Nxd5+ {[%emt 0:11:13]} exd5 {[%emt 0:00:56]} 24. g4 {[%emt 0:00:00]} Rg8 {[%emt 0:01:14]} 25. Kh1 {[%emt 0:01:04]} Ncxd4 {[%emt 0:04:03]} 26. cxd4 {[%emt 0:01:33]} Nxd4 {[%emt 0:00:01]} 27. Qe3 {[%emt 0:02:40]} Ne6 {[%emt 0:04:40]} 28. Qa3+ {[%emt 0:02:45]} Ke8 {[%emt 0:00:29]} 29. Ra1 {[%emt 0:01:09]} Qe7 {[%emt 0:04:19]} 30. Qb2 {[%emt 0:00:22]} Qb7 {[%emt 0:02:04]} 31. f3 {[%emt 0:01:21]} b4 {[%emt 0:00:27]} 32. Bxh6 {[%emt 0:01:08]} b3 {[%emt 0:00:53]} 33. Bb1 {[%emt 0:00:37]} g5 {[%emt 0:01:47]} 34. Bf5 {[%emt 0:01:10]} a4 {[%emt 0:01:30]} 35. h4 {[%emt 0:02:06]} Rh8 {[%emt 0:03:32]} 36. Bxg5 {[%emt 0:03:46]} Nxg5 {[%emt 0:00:12]} 37. e6 {[%emt 0:00:00]} Rxh4+ {[%emt 0:00:43]} 38. Kg2 {[%emt 0:00:01]} Bxe6 {[%emt 0:01:16]} 39. Qg7 {[%emt 0:00:27]} Bxf5 {[%emt 0:00:50]} 40. Qxg5 {[%emt 0:01:19]} Qe7 {[%emt 0:00:32]} 41. Qxf5 {[%emt 0:13:41]} Qe2+ {[%emt 0:01:09]} 42. Rf2 {[%emt 0:00:01]} Rh2+ {[%emt 0:00:09]} 43. Kxh2 {[%emt 0:00:06]} Qxf2+ {[%emt 0:00:04]} 44. Kh3 {[%emt 0:00:07]} Qd4 {[%emt 0:01:00]} 45. Re1+ {[%emt 0:03:45]} Kf8 {[%emt 0:00:14]} 46. Re5 {[%emt 0:01:44]} b2 {[%emt 0:12:47]} 47. Qf6 {[%emt 0:02:30]} Qxe5 {[%emt 0:00:09]} 48. Qxe5 {[%emt 0:00:13]} b1=Q {[%emt 0:00:10]} 49. Qh8+ {[%emt 0:00:53]} Ke7 {[%emt 0:00:02]} 50. Qe5+ {[%emt 0:00:30]} Kd7 {[%emt 0:00:17]} 51. Qxd5+ {[%emt 0:00:10]} Kc7 {[%emt 0:00:03]} 52. Qc5+ {[%emt 0:02:15]} Kb7 {[%emt 0:04:48]} 53. Qd5+ {[%emt 0:00:11]} Ka7 {[%emt 0:01:18]} 54. Qa5+ {[%emt 0:00:55]} Kb7 {[%emt 0:00:06]} 55. Qd5+ {[%emt 0:00:05]} Kb6 {[%emt 0:00:18]} 56. Qxa8 {[%emt 0:06:54]} Qb3 {[%emt 0:00:43]} 57. Qd8+ {[%emt 0:03:36]} Kb5 {[%emt 0:00:19]} 58. Qd7+ {[%emt 0:01:07]} Kb4 {[%emt 0:00:15]} 59. Qxf7 {[%emt 0:04:59]} a3 {[%emt 0:00:29]} 60. Qe7+ {[%emt 0:01:04]} Kc3 {[%emt 0:00:08]} 61. Qe3+ {[%emt 0:01:32]} Kc2 {[%emt 0:00:11]} 62. Qe2+ {[%emt 0:00:14]} Kc1 {[%emt 0:00:25]} 63. Qe1+ {[%emt 0:00:38]} Kb2 {[%emt 0:00:09]} 64. Qd2+ {[%emt 0:00:19]} Qc2 {[%emt 0:03:02]} 65. Qb4+ {[%emt 0:00:11]} Ka2 {[%emt 0:00:14]} 66. Kg3 {[%emt 0:01:20]} c3 {[%emt 0:00:45]} 67. g5 {[%emt 0:00:09]} Qd3 {[%emt 0:00:52]} 68. Qb6 {[%emt 0:00:56]} c2 {[%emt 0:00:19]} 69. Qe6+ {[%emt 0:00:06]} Kb2 {[%emt 0:01:50]} 0-1